[Event "U12 Polish Youth Championship"]
[Site "chess24.com"]
[Date "2018.05.02"]
[Round "5"]
[White "Kejna, Piotr"]
[Black "Trochimczuk, Szymon"]
[Result "1-0"]
[Board "21"]
[WhiteElo "1483"]
[WhiteTitle "CM"]
[WhiteCountry "POL"]
[WhiteFideId "21821704"]
[WhiteEloChange "4"]
[BlackElo "1251"]
[BlackCountry "POL"]
[BlackFideId "21881260"]
[BlackEloChange "-4"]

1. e4 {[%clk 1:30:48]} c5 {[%clk 1:30:48]} 2. Nf3 {[%clk 1:31:09]} Nc6 {[%clk
1:31:08]} 3. Nc3 {[%clk 1:31:33]} d6 {[%clk 1:30:52]} 4. d4 {[%clk 1:31:02]} cxd4
{[%clk 1:31:02]} 5. Nxd4 {[%clk 1:31:10]} g6 {[%clk 1:30:30]} 6. Be3 {[%clk
1:26:23]} Bg7 {[%clk 1:29:02]} 7. Qd2 {[%clk 1:20:21]} Nf6 {[%clk 1:27:28]} 8. f3
{[%clk 1:20:37]} O-O {[%clk 1:27:34]} 9. O-O-O {[%clk 1:20:50]} Nxd4 {[%clk
1:21:18]} 10. Bxd4 {[%clk 1:20:59]} a6 {[%clk 1:14:29]} 11. g4 {[%clk 1:16:48]}
b5 {[%clk 1:11:57]} 12. h4 {[%clk 1:13:02]} e5 {[%clk 0:57:40]} 13. Be3 {[%clk
1:13:08]} Ne8 {[%clk 0:55:53]} 14. h5 {[%clk 1:10:07]} Be6 {[%clk 0:48:35]} 15.
hxg6 {[%clk 1:09:48]} fxg6 {[%clk 0:47:09]} 16. Qh2 {[%clk 1:05:59]} Nf6 {[%clk
0:45:33]} 17. Bg5 {[%clk 1:00:00]} Qc7 {[%clk 0:40:14]} 18. Kb1 {[%clk 0:53:08]}
Rab8 {[%clk 0:37:29]} 19. Bxf6 {[%clk 0:51:27]} Bxf6 {[%clk 0:37:30]} 20. Rxd6
{[%clk 0:47:37]} Rfe8 {[%clk 0:32:05]} 21. Rd1 {[%clk 0:45:03]} Red8 {[%clk
0:29:07]} 22. Bd3 {[%clk 0:32:11]} Rd7 {[%clk 0:24:06]} 23. Ne2 {[%clk 0:25:16]}
Bg5 {[%clk 0:21:54]} 24. Nc3 {[%clk 0:18:01]} Bf6 {[%clk 0:19:51]} 25. Qe2 {[%clk
0:08:58]} Rbd8 {[%clk 0:15:53]} 26. Qf1 {[%clk 0:05:17]} Qa5 {[%clk 0:12:45]} 27.
Rh2 {[%clk 0:03:51]} Qc7 {[%clk 0:10:49]} 28. Qe2 {[%clk 0:02:06]} Qa5 {[%clk
0:08:55]} 29. Rhh1 {[%clk 0:01:53]} Qb6 {[%clk 0:06:40]} 30. Rhf1 {[%clk
0:01:10]} Qb8 {[%clk 0:06:17]} 31. Qe3 {[%clk 0:01:12]} g5 {[%clk 0:05:04]} 32.
Rh1 {[%clk 0:00:55]} Kg7 {[%clk 0:04:27]} 33. Nd5 {[%clk 0:00:54]} Bxd5 {[%clk
0:02:28]} 34. exd5 {[%clk 0:01:12]} Rh8 {[%clk 0:02:18]} 35. Qe4 {[%clk 0:01:26]}
Kf8 {[%clk 0:02:08]} 36. Qf5 {[%clk 0:01:23]} Qd6 {[%clk 0:02:15]} 37. Rh6 {[%clk
0:01:02]} Rf7 {[%clk 0:00:44]} 38. Rdh1 {[%clk 0:01:05]} Ke7 {[%clk 0:00:52]} 39.
Rxh7 {[%clk 0:00:43]} Rhxh7 {[%clk 0:01:13]} 40. Rxh7 {[%clk 0:01:04]} Rxh7
{[%clk 0:01:32]} 41. Qxh7+ {[%clk 0:01:30]} Kd8 {[%clk 0:01:46]} 42. Qg8+ {[%clk
0:01:29]} Kc7 {[%clk 0:01:55]} 43. Bf5 {[%clk 0:00:55]} Kb6 {[%clk 0:01:14]} 44.
a3 {[%clk 0:00:59]} Kc5 {[%clk 0:01:05]} 45. Be6 {[%clk 0:01:14]} Bd8 {[%clk
0:01:01]} 46. Qh7 {[%clk 0:01:25]} Kb6 {[%clk 0:00:33]} 47. Ka2 {[%clk 0:00:39]}
b4 {[%clk 0:00:31]} 48. a4 {time[%clk 0:00:36]} 1-0

[Event "U12 Polish Youth Championship"]
[Site "chess24.com"]
[Date "2018.05.02"]
[Round "5"]
[White "Dembicki, Karol"]
[Black "Jarocki, Gabriel"]
[Result "1-0"]
[Board "22"]
[WhiteElo "1370"]
[WhiteCountry "POL"]
[WhiteFideId "21809747"]
[WhiteEloChange "12"]
[BlackElo "1427"]
[BlackCountry "POL"]
[BlackFideId "21852871"]
[BlackEloChange "-12"]

1. e4 {[%clk 1:30:56]} c6 {[%clk 1:30:45]} 2. d4 {[%clk 1:31:21]} d5 {[%clk
1:31:07]} 3. exd5 {[%clk 1:31:41]} cxd5 {[%clk 1:31:24]} 4. Bd3 {[%clk 1:32:03]}
Nc6 {[%clk 1:31:32]} 5. c3 {[%clk 1:32:12]} Nf6 {[%clk 1:31:20]} 6. Nf3 {[%clk
1:32:10]} Bg4 {[%clk 1:30:32]} 7. Bf4 {[%clk 1:30:58]} e6 {[%clk 1:28:52]} 8.
Nbd2 {[%clk 1:30:38]} Bd6 {[%clk 1:26:15]} 9. Bxd6 {[%clk 1:29:36]} Qxd6 {[%clk
1:26:32]} 10. O-O {[%clk 1:29:48]} O-O {[%clk 1:22:51]} 11. Qb3 {[%clk 1:28:37]}
Rab8 {[%clk 1:21:53]} 12. Rae1 {[%clk 1:27:52]} Rfe8 {[%clk 1:21:06]} 13. h3
{[%clk 1:21:55]} Bxf3 {[%clk 1:21:02]} 14. Nxf3 {[%clk 1:22:06]} b5 {[%clk
1:21:01]} 15. Ne5 {[%clk 1:21:32]} a6 {[%clk 1:20:41]} 16. f4 {[%clk 1:19:59]}
Nd7 {[%clk 1:20:07]} 17. Qc2 {[%clk 1:12:41]} f5 {[%clk 1:19:37]} 18. g4 {[%clk
1:11:40]} g6 {[%clk 1:19:38]} 19. Re3 {[%clk 1:04:14]} Ndxe5 {[%clk 1:16:10]} 20.
fxe5 {[%clk 1:04:25]} Qd7 {[%clk 1:15:04]} 21. Rg3 {[%clk 1:02:43]} Kh8 {[%clk
1:14:41]} 22. Qd2 {[%clk 0:58:26]} Rg8 {[%clk 1:06:42]} 23. gxf5 {[%clk 0:49:54]}
gxf5 {[%clk 1:04:31]} 24. Rf3 {[%clk 0:49:35]} Rg7 {[%clk 0:58:19]} 25. Qh6
{[%clk 0:47:06]} Rbg8 {[%clk 0:57:52]} 26. Kh2 {[%clk 0:46:32]} Qe7 {[%clk
0:47:42]} 27. Rxg7 {[%clk 0:42:19]} Qxg7 {[%clk 0:47:56]} 28. Qxg7+ {[%clk
0:42:13]} Rxg7 {[%clk 0:48:13]} 29. Rg3 {[%clk 0:42:29]} Ra7 {[%clk 0:42:55]} 30.
Be2 {[%clk 0:40:05]} Re7 {[%clk 0:38:55]} 31. a4 {[%clk 0:37:49]} bxa4 {[%clk
0:26:26]} 32. Bxa6 {[%clk 0:37:19]} Ra7 {[%clk 0:24:20]} 33. Bb5 {[%clk 0:37:09]}
Nd8 {[%clk 0:23:30]} 34. Rg2 {[%clk 0:29:17]} a3 {[%clk 0:21:37]} 35. bxa3 {[%clk
0:28:22]} Rxa3 {[%clk 0:21:54]} 36. Rc2 {[%clk 0:27:32]} Ra5 {[%clk 0:15:37]} 37.
c4 {[%clk 0:25:40]} dxc4 {[%clk 0:14:16]} 38. Bxc4 {[%clk 0:26:00]} Nc6 {[%clk
0:12:30]} 39. Rd2 {[%clk 0:23:35]} Ra4 {[%clk 0:10:51]} 40. Bxe6 {[%clk 0:20:27]}
Nxd4 {[%clk 0:10:04]} 41. Bd5 {[%clk 0:19:26]} f4 {[%clk 0:05:07]} 42. e6 {[%clk
0:16:27]} Nf5 {[%clk 0:05:10]} 43. Rg2 {[%clk 0:15:37]} Ra7 {[%clk 0:03:48]} 44.
Rg8+ {[%clk 0:14:51]} Kxg8 {[%clk 0:03:06]} 45. e7+ {[%clk 0:15:13]} Kg7 {[%clk
0:02:44]} 46. e8Q {[%clk 0:14:58]} Re7 {[%clk 0:02:28]} 47. Qg8+ {[%clk 0:13:42]}
Kh6 {[%clk 0:02:29]} 48. Qf8+ {[%clk 0:12:54]} Kg6 {[%clk 0:02:31]} 49. Qg8+
{[%clk 0:11:45]} Kh6 {[%clk 0:02:53]} 50. Qg4 {[%clk 0:10:41]} Ng7 {[%clk
0:00:32]} 51. h4 {[%clk 0:10:01]} Ne6 {[%clk 0:00:38]} 52. Bxe6 {[%clk 0:09:25]}
Rg7 {[%clk 0:00:47]} 53. Qxf4+ {[%clk 0:09:19]} Kh5 {[%clk 0:00:31]} 54. Bf7+
{[%clk 0:09:12]} Rg6 {[%clk 0:00:28]} 55. Qg5# {[%clk 0:09:20]} 1-0

[Event "U12 Polish Youth Championship"]
[Site "chess24.com"]
[Date "2018.05.02"]
[Round "5"]
[White "Kolodziejski, Piotr"]
[Black "Blazniak, Bartlomiej"]
[Result "1/2-1/2"]
[Board "23"]
[WhiteElo "1418"]
[WhiteCountry "POL"]
[WhiteFideId "21840962"]
[WhiteEloChange "-1"]
[BlackElo "1385"]
[BlackCountry "POL"]
[BlackFideId "21835640"]
[BlackEloChange "1"]

1. e4 {[%clk 1:30:58]} e6 {[%clk 1:30:56]} 2. d4 {[%clk 1:31:22]} d5 {[%clk
1:31:21]} 3. Nc3 {[%clk 1:31:45]} Bb4 {[%clk 1:31:47]} 4. e5 {[%clk 1:32:07]} c5
{[%clk 1:32:12]} 5. a3 {[%clk 1:32:31]} cxd4 {[%clk 1:32:18]} 6. Qxd4 {[%clk
1:30:13]} Nc6 {[%clk 1:32:08]} 7. Bb5 {[%clk 1:29:42]} Bd7 {[%clk 1:25:28]} 8.
Bxc6 {[%clk 1:23:32]} Bxc3+ {[%clk 1:25:45]} 9. Qxc3 {[%clk 1:23:43]} Bxc6 {[%clk
1:26:08]} 10. Qg3 {[%clk 1:23:30]} g6 {[%clk 1:25:25]} 11. Bg5 {[%clk 1:21:17]}
Qb6 {[%clk 1:22:26]} 12. Rb1 {[%clk 1:16:01]} Rc8 {[%clk 1:20:48]} 13. c3 {[%clk
1:09:38]} h6 {[%clk 1:17:23]} 14. Be3 {[%clk 1:06:58]} Qa6 {[%clk 1:14:35]} 15.
Bd4 {[%clk 1:01:44]} Ne7 {[%clk 1:12:53]} 16. Ne2 {[%clk 0:58:37]} Nf5 {[%clk
1:10:12]} 17. Qf4 {[%clk 0:57:33]} g5 {[%clk 1:06:36]} 18. Qd2 {[%clk 0:57:15]}
Bb5 {[%clk 1:01:00]} 19. Be3 {[%clk 0:48:49]} Nh4 {[%clk 0:57:18]} 20. Rg1 {[%clk
0:48:01]} Bd3 {[%clk 0:56:14]} 21. Rd1 {[%clk 0:47:39]} Be4 {[%clk 0:56:33]} 22.
Kf1 {[%clk 0:46:18]} Rf8 {[%clk 0:49:15]} 23. f3 {[%clk 0:42:49]} Bxf3 {[%clk
0:46:09]} 24. gxf3 {[%clk 0:39:46]} Nxf3 {[%clk 0:44:50]} 25. Qd3 {[%clk
0:39:32]} Qxd3 {[%clk 0:44:00]} 26. Rxd3 {[%clk 0:39:16]} Nxg1 {[%clk 0:44:04]}
27. Kxg1 {[%clk 0:39:39]} a6 {[%clk 0:44:03]} 28. Bd4 {[%clk 0:38:52]} Kd7 {[%clk
0:42:43]} 29. Rh3 {[%clk 0:36:40]} Rh8 {[%clk 0:42:12]} 30. Rf3 {[%clk 0:37:02]}
Rh7 {[%clk 0:40:56]} 31. Kf2 {[%clk 0:32:21]} b5 {[%clk 0:33:46]} 32. Nc1 {[%clk
0:27:50]} Ke7 {[%clk 0:31:00]} 1/2-1/2

[Event "U12 Polish Youth Championship"]
[Site "chess24.com"]
[Date "2018.05.02"]
[Round "5"]
[White "Kozlowski, Michal"]
[Black "Owczarzak, Maciej"]
[Result "1-0"]
[Board "24"]
[WhiteElo "1327"]
[WhiteCountry "POL"]
[WhiteFideId "21812144"]
[WhiteEloChange "12"]
[BlackElo "1402"]
[BlackCountry "POL"]
[BlackFideId "21861048"]
[BlackEloChange "-12"]

1. e4 {[%clk 1:30:57]} c5 {[%clk 1:30:56]} 2. Nf3 {[%clk 1:31:07]} Nc6 {[%clk
1:31:20]} 3. d4 {[%clk 1:31:16]} cxd4 {[%clk 1:31:44]} 4. Nxd4 {[%clk 1:31:41]}
Nf6 {[%clk 1:32:06]} 5. Nc3 {[%clk 1:32:00]} e5 {[%clk 1:32:23]} 6. Nf3 {[%clk
1:32:14]} Bb4 {[%clk 1:32:27]} 7. Bd3 {[%clk 1:32:13]} d5 {[%clk 1:32:05]} 8. O-O
{[%clk 1:31:26]} Bxc3 {[%clk 1:30:21]} 9. exd5 {[%clk 1:26:14]} Ne7 {[%clk
1:27:29]} 10. bxc3 {[%clk 1:24:44]} Qxd5 {[%clk 1:16:18]} 11. c4 {[%clk 1:20:59]}
Qa5 {[%clk 1:15:22]} 12. Re1 {[%clk 1:18:28]} Bg4 {[%clk 1:08:19]} 13. Qd2 {[%clk
1:12:10]} Qxd2 {[%clk 1:07:39]} 14. Nxd2 {[%clk 1:12:21]} Nd7 {[%clk 1:05:50]}
15. Bb2 {[%clk 1:10:54]} f6 {[%clk 1:05:33]} 16. f4 {[%clk 1:10:13]} Nc6 {[%clk
0:57:28]} 17. h3 {[%clk 1:07:49]} Bh5 {[%clk 0:50:56]} 18. Bf5 {[%clk 1:06:24]}
O-O-O {[%clk 0:47:24]} 19. fxe5 {[%clk 1:02:25]} g6 {[%clk 0:39:45]} 20. Bxd7+
{[%clk 1:00:29]} Rxd7 {[%clk 0:40:05]} 21. exf6 {[%clk 0:59:56]} Rxd2 {[%clk
0:38:44]} 22. g4 {[%clk 0:47:18]} Bxg4 {[%clk 0:36:02]} 23. hxg4 {[%clk 0:47:35]}
Nd4 {[%clk 0:35:18]} 24. Rf1 {[%clk 0:39:53]} Rf8 {[%clk 0:16:18]} 25. Rad1
{[%clk 0:37:16]} Ne2+ {[%clk 0:15:31]} 26. Kf2 {[%clk 0:37:05]} Nc3+ {[%clk
0:15:10]} 27. Rxd2 {[%clk 0:37:25]} Ne4+ {[%clk 0:14:17]} 28. Ke1 {[%clk
0:37:39]} Nxd2 {[%clk 0:14:34]} 29. Kxd2 {[%clk 0:38:02]} Kd7 {[%clk 0:14:46]}
30. g5 {[%clk 0:38:24]} Ke6 {[%clk 0:14:45]} 31. Ba3 {[%clk 0:37:22]} Rf7 {[%clk
0:15:11]} 32. Re1+ {[%clk 0:37:44]} Kf5 {[%clk 0:15:31]} 33. Re7 {[%clk 0:38:04]}
Rf8 {[%clk 0:15:43]} 34. f7 {[%clk 0:38:09]} Kxg5 {[%clk 0:16:00]} 35. Rd7 {[%clk
0:37:32]} 1-0

[Event "U12 Polish Youth Championship"]
[Site "chess24.com"]
[Date "2018.05.02"]
[Round "5"]
[White "Wawrzyniak, Karol"]
[Black "Katny, Samuel"]
[Result "1-0"]
[Board "25"]
[WhiteElo "1224"]
[WhiteCountry "POL"]
[WhiteFideId "21817588"]
[WhiteEloChange "13"]
[BlackElo "1343"]
[BlackCountry "POL"]
[BlackFideId "21846693"]
[BlackEloChange "-13"]

1. e4 {[%clk 1:30:58]} e5 {[%clk 1:30:52]} 2. Nf3 {[%clk 1:31:19]} Nc6 {[%clk
1:31:04]} 3. Bc4 {[%clk 1:31:08]} Bc5 {[%clk 1:31:15]} 4. c3 {[%clk 1:31:04]} d6
{[%clk 1:30:24]} 5. d4 {[%clk 1:31:20]} exd4 {[%clk 1:30:53]} 6. cxd4 {[%clk
1:31:26]} Bb6 {[%clk 1:31:18]} 7. h3 {[%clk 1:30:26]} h6 {[%clk 1:29:45]} 8. O-O
{[%clk 1:28:53]} Nf6 {[%clk 1:29:05]} 9. Nc3 {[%clk 1:28:30]} O-O {[%clk
1:29:14]} 10. Re1 {[%clk 1:27:56]} Re8 {[%clk 1:27:41]} 11. Bf4 {[%clk 1:27:26]}
Ba5 {[%clk 1:20:05]} 12. Qc2 {[%clk 1:24:03]} a6 {[%clk 1:01:11]} 13. Rad1 {[%clk
1:21:39]} Bxc3 {[%clk 0:55:04]} 14. bxc3 {[%clk 1:19:40]} Nh5 {[%clk 0:40:31]}
15. Bh2 {[%clk 1:17:35]} Na5 {[%clk 0:32:08]} 16. Bb3 {[%clk 1:15:47]} Qf6 {[%clk
0:27:27]} 17. e5 {[%clk 1:12:28]} dxe5 {[%clk 0:27:09]} 18. Bxe5 {[%clk 1:12:42]}
Qc6 {[%clk 0:26:20]} 19. Ba4 {[%clk 1:06:09]} b5 {[%clk 0:22:31]} 20. Bb3 {[%clk
1:06:25]} Nxb3 {[%clk 0:17:21]} 21. axb3 {[%clk 1:06:46]} Be6 {[%clk 0:14:54]}
22. b4 {[%clk 1:03:36]} Rad8 {[%clk 0:14:47]} 23. Nd2 {[%clk 0:59:45]} Bd5 {[%clk
0:13:06]} 24. f3 {[%clk 0:57:55]} Re6 {[%clk 0:11:43]} 25. Ne4 {[%clk 0:56:57]}
Bxe4 {[%clk 0:11:13]} 26. fxe4 {[%clk 0:57:14]} Rde8 {[%clk 0:10:38]} 27. d5
{[%clk 0:57:25]} Qb6+ {[%clk 0:10:49]} 28. Bd4 {[%clk 0:57:49]} Qd6 {[%clk
0:07:48]} 29. dxe6 {[%clk 0:57:51]} Qxe6 {[%clk 0:07:41]} 30. Qf2 {[%clk
0:56:03]} Qg6 {[%clk 0:07:02]} 31. Qf5 {[%clk 0:55:04]} Ng3 {[%clk 0:06:00]} 32.
Qxg6 {[%clk 0:55:23]} fxg6 {[%clk 0:06:20]} 33. Re3 {[%clk 0:54:53]} Nh5 {[%clk
0:06:29]} 34. Rf3 {[%clk 0:54:52]} Rxe4 {[%clk 0:05:55]} 35. g4 {[%clk 0:54:57]}
Nf4 {[%clk 0:05:42]} 36. Re3 {[%clk 0:52:52]} Rxe3 {[%clk 0:05:11]} 37. Bxe3
{[%clk 0:53:13]} Ne2+ {[%clk 0:05:29]} 38. Kf2 {[%clk 0:52:31]} Nxc3 {[%clk
0:05:37]} 39. Rd8+ {[%clk 0:52:34]} Kh7 {[%clk 0:05:03]} 40. Bd4 {[%clk 0:51:40]}
Na2 {[%clk 0:04:50]} 41. Bc5 {[%clk 0:50:55]} Nc3 {[%clk 0:04:03]} 42. Ke3 {[%clk
0:50:30]} c6 {[%clk 0:04:02]} 43. Rd6 {[%clk 0:49:58]} Nd5+ {[%clk 0:02:44]} 44.
Kf3 {[%clk 0:49:35]} a5 {[%clk 0:01:33]} 45. bxa5 {[%clk 0:48:45]} b4 {[%clk
0:01:35]} 46. Rxc6 {[%clk 0:47:31]} b3 {[%clk 0:01:53]} 47. Bd4 {[%clk 0:47:56]}
g5 {[%clk 0:00:50]} 48. a6 {[%clk 0:47:59]} Nb4 {[%clk 0:00:41]} 49. Rb6 {[%clk
0:48:05]} 1-0

[Event "U12 Polish Youth Championship"]
[Site "chess24.com"]
[Date "2018.05.02"]
[Round "5"]
[White "Doskocz, Karol"]
[Black "Wydmanski, Szymon"]
[Result "1-0"]
[Board "26"]
[WhiteElo "1467"]
[WhiteCountry "POL"]
[WhiteFideId "21835802"]
[WhiteEloChange "7"]
[BlackElo "1361"]
[BlackCountry "POL"]
[BlackFideId "21866759"]
[BlackEloChange "-7"]

1. e4 {[%clk 1:30:52]} c5 {[%clk 1:30:57]} 2. Nf3 {[%clk 1:31:09]} d6 {[%clk
1:31:17]} 3. d4 {[%clk 1:31:31]} cxd4 {[%clk 1:31:39]} 4. Nxd4 {[%clk 1:31:36]}
Nf6 {[%clk 1:32:01]} 5. Nc3 {[%clk 1:31:14]} a6 {[%clk 1:32:17]} 6. Bg5 {[%clk
1:31:19]} e6 {[%clk 1:32:26]} 7. f4 {[%clk 1:26:17]} h6 {[%clk 1:32:05]} 8. Bh4
{[%clk 1:25:23]} Qb6 {[%clk 1:31:25]} 9. a3 {[%clk 1:23:25]} Nbd7 {[%clk
1:28:51]} 10. Bc4 {[%clk 1:08:23]} Be7 {[%clk 1:26:08]} 11. Bf2 {[%clk 1:05:06]}
Qc7 {[%clk 1:25:43]} 12. Ba2 {[%clk 0:59:21]} Nc5 {[%clk 1:22:56]} 13. Qe2 {[%clk
0:51:13]} O-O {[%clk 1:20:26]} 14. O-O {[%clk 0:50:46]} b5 {[%clk 1:18:08]} 15.
Rae1 {[%clk 0:48:04]} Bb7 {[%clk 1:14:06]} 16. e5 {[%clk 0:47:28]} Nfe4 {[%clk
1:12:33]} 17. Nxe4 {[%clk 0:44:16]} Nxe4 {[%clk 1:11:58]} 18. exd6 {[%clk
0:43:59]} Bxd6 {[%clk 1:09:05]} 19. Be3 {[%clk 0:43:16]} e5 {[%clk 1:05:21]} 20.
Nf5 {[%clk 0:36:58]} Nf6 {[%clk 1:00:11]} 21. Qd3 {[%clk 0:26:46]} Qc6 {[%clk
0:57:00]} 22. Re2 {[%clk 0:21:48]} Rad8 {[%clk 0:51:39]} 23. Qb3 {[%clk 0:16:43]}
exf4 {[%clk 0:33:12]} 24. Bxf4 {[%clk 0:12:11]} Bxf4 {[%clk 0:31:45]} 25. Ne7+
{[%clk 0:11:15]} 1-0

[Event "U12 Polish Youth Championship"]
[Site "chess24.com"]
[Date "2018.05.03"]
[Round "6"]
[White "Meers, Hubert"]
[Black "Chyzy, Jakub"]
[Result "0-1"]
[Board "1"]
[WhiteElo "1737"]
[WhiteCountry "POL"]
[WhiteFideId "21817014"]
[WhiteEloChange "-3"]
[BlackElo "2071"]
[BlackCountry "POL"]
[BlackFideId "21806209"]
[BlackEloChange "3"]

1. Nf3 {[%clk 1:30:42]} d5 {[%clk 1:31:19]} 2. g3 {[%clk 1:30:56]} Nf6 {[%clk
1:31:41]} 3. Bg2 {[%clk 1:31:16]} Bf5 {[%clk 1:31:54]} 4. O-O {[%clk 1:31:37]} e6
{[%clk 1:32:16]} 5. d3 {[%clk 1:31:44]} Be7 {[%clk 1:32:29]} 6. c4 {[%clk
1:31:20]} O-O {[%clk 1:31:30]} 7. Qb3 {[%clk 1:19:01]} b6 {[%clk 1:12:23]} 8. Nc3
{[%clk 1:14:34]} c6 {[%clk 1:06:00]} 9. cxd5 {[%clk 1:00:31]} exd5 {[%clk
0:58:32]} 10. Nd4 {[%clk 0:58:26]} Be6 {[%clk 0:53:25]} 11. e4 {[%clk 0:51:10]}
Bc5 {[%clk 0:44:30]} 12. Nxe6 {[%clk 0:30:55]} fxe6 {[%clk 0:44:53]} 13. Bg5
{[%clk 0:27:59]} Nbd7 {[%clk 0:38:14]} 14. Ne2 {[%clk 0:21:45]} h6 {[%clk
0:35:23]} 15. Be3 {[%clk 0:21:51]} Bxe3 {[%clk 0:27:13]} 16. fxe3 {[%clk
0:22:10]} Nc5 {[%clk 0:25:19]} 17. Qc3 {[%clk 0:20:33]} dxe4 {[%clk 0:20:44]} 18.
dxe4 {[%clk 0:20:51]} Nfxe4 {[%clk 0:18:51]} 19. Bxe4 {[%clk 0:21:04]} Nxe4
{[%clk 0:19:14]} 20. Qxc6 {[%clk 0:21:12]} Qd3 {[%clk 0:18:24]} 21. Qxe6+ {[%clk
0:15:59]} Kh7 {[%clk 0:05:04]} 22. Nf4 {[%clk 0:15:57]} Qxe3+ {[%clk 0:05:26]}
23. Kg2 {[%clk 0:15:10]} Rac8 {[%clk 0:01:40]} 24. Qg6+ {[%clk 0:10:23]} Kh8
{[%clk 0:01:30]} 25. Ne6 {[%clk 0:10:06]} Rg8 {[%clk 0:00:37]} 26. Kh3 {[%clk
0:05:10]} Rc2 {[%clk 0:00:42]} 27. Rae1 {[%clk 0:00:40]} Nf2+ {[%clk 0:00:49]}
0-1

[Event "U12 Polish Youth Championship"]
[Site "chess24.com"]
[Date "2018.05.03"]
[Round "6"]
[White "Matela, Krzysztof"]
[Black "Wieczorek, Mikolaj"]
[Result "1-0"]
[Board "2"]
[WhiteElo "1642"]
[WhiteCountry "POL"]
[WhiteFideId "21828962"]
[WhiteEloChange "13"]
[BlackElo "1761"]
[BlackCountry "POL"]
[BlackFideId "21827702"]
[BlackEloChange "-13"]

1. e4 {[%clk 1:30:59]} c5 {[%clk 1:30:55]} 2. Nf3 {[%clk 1:31:20]} Nc6 {[%clk
1:31:20]} 3. d4 {[%clk 1:31:43]} cxd4 {[%clk 1:31:47]} 4. Nxd4 {[%clk 1:32:04]}
Nf6 {[%clk 1:32:12]} 5. Nc3 {[%clk 1:32:29]} e5 {[%clk 1:32:21]} 6. Ndb5 {[%clk
1:32:55]} d6 {[%clk 1:32:46]} 7. Bg5 {[%clk 1:33:15]} a6 {[%clk 1:33:11]} 8. Bxf6
{[%clk 1:33:32]} gxf6 {[%clk 1:33:37]} 9. Na3 {[%clk 1:33:55]} b5 {[%clk
1:34:03]} 10. Nd5 {[%clk 1:33:47]} f5 {[%clk 1:34:30]} 11. Bd3 {[%clk 1:33:51]}
Be6 {[%clk 1:34:11]} 12. Qh5 {[%clk 1:32:24]} Bg7 {[%clk 1:33:43]} 13. O-O {[%clk
1:32:13]} h6 {[%clk 1:32:42]} 14. c3 {[%clk 1:30:44]} O-O {[%clk 1:30:46]} 15.
Rad1 {[%clk 1:21:55]} f4 {[%clk 1:27:38]} 16. g3 {[%clk 1:17:25]} Ne7 {[%clk
1:11:55]} 17. gxf4 {[%clk 1:13:49]} Bxd5 {[%clk 1:10:22]} 18. exd5 {[%clk
1:13:26]} f5 {[%clk 1:08:56]} 19. fxe5 {[%clk 1:12:38]} dxe5 {[%clk 1:09:15]} 20.
d6 {[%clk 1:12:39]} Nd5 {[%clk 1:09:23]} 21. Bc4 {[%clk 1:07:26]} bxc4 {[%clk
1:08:41]} 22. Rxd5 {[%clk 1:07:52]} Rc8 {[%clk 1:08:35]} 23. Rfd1 {[%clk
1:03:48]} Qd7 {[%clk 1:08:03]} 24. Qe2 {[%clk 0:58:49]} f4 {[%clk 1:04:26]} 25.
f3 {[%clk 0:57:02]} Rf5 {[%clk 0:59:15]} 26. Nxc4 {[%clk 0:55:03]} Rg5+ {[%clk
0:59:19]} 27. Kh1 {[%clk 0:55:27]} Qh3 {[%clk 0:57:08]} 28. d7 {[%clk 0:51:55]}
Rd8 {[%clk 0:57:31]} 29. Nd2 {[%clk 0:38:17]} Rg3 {[%clk 0:52:42]} 30. Rg1 {[%clk
0:27:32]} Rxg1+ {[%clk 0:52:50]} 31. Kxg1 {[%clk 0:27:57]} Rxd7 {[%clk 0:53:09]}
32. Qd3 {[%clk 0:26:04]} Rf7 {[%clk 0:50:18]} 33. Qg6 {[%clk 0:26:01]} Qh4 {[%clk
0:50:25]} 34. Ne4 {[%clk 0:24:50]} Qe1+ {[%clk 0:50:23]} 35. Kg2 {[%clk 0:25:08]}
Qe2+ {[%clk 0:50:51]} 36. Nf2 {[%clk 0:25:17]} Rf8 {[%clk 0:49:43]} 37. Rd7
{[%clk 0:25:24]} 1-0

[Event "U12 Polish Youth Championship"]
[Site "chess24.com"]
[Date "2018.05.03"]
[Round "6"]
[White "Karolczuk, Iwo"]
[Black "Karwacki, Piotr"]
[Result "0-1"]
[Board "3"]
[WhiteElo "1723"]
[WhiteCountry "POL"]
[WhiteFideId "21816972"]
[WhiteEloChange "-10"]
[BlackElo "1720"]
[BlackCountry "POL"]
[BlackFideId "21852200"]
[BlackEloChange "10"]

1. d4 {[%clk 1:30:56]} Nf6 {[%clk 1:30:43]} 2. Nf3 {[%clk 1:31:17]} e6 {[%clk
1:31:01]} 3. e3 {[%clk 1:31:25]} b6 {[%clk 1:30:43]} 4. Be2 {[%clk 1:31:42]} Bb7
{[%clk 1:29:38]} 5. O-O {[%clk 1:32:02]} d6 {[%clk 1:27:19]} 6. b3 {[%clk
1:31:57]} Nbd7 {[%clk 1:26:39]} 7. Bb2 {[%clk 1:32:15]} Ne4 {[%clk 1:23:42]} 8.
c4 {[%clk 1:32:24]} Ndf6 {[%clk 1:20:53]} 9. Ne1 {[%clk 1:30:57]} d5 {[%clk
1:15:40]} 10. f3 {[%clk 1:30:34]} Nd6 {[%clk 1:15:35]} 11. Bd3 {[%clk 1:29:03]}
g6 {[%clk 1:10:37]} 12. Nd2 {[%clk 1:26:42]} Nf5 {[%clk 1:07:15]} 13. Nc2 {[%clk
1:25:03]} Nh5 {[%clk 0:59:02]} 14. g4 {[%clk 1:18:54]} Qg5 {[%clk 0:57:03]} 15.
f4 {[%clk 1:18:03]} Qh4 {[%clk 0:56:06]} 16. Bxf5 {[%clk 1:15:13]} gxf5 {[%clk
0:53:13]} 17. gxh5 {[%clk 1:14:15]} dxc4 {[%clk 0:50:48]} 18. e4 {[%clk 1:13:02]}
c3 {[%clk 0:47:19]} 19. Bxc3 {[%clk 1:11:53]} fxe4 {[%clk 0:34:49]} 20. Ne3
{[%clk 1:11:32]} Ba6 {[%clk 0:31:41]} 21. Nxe4 {[%clk 1:03:07]} Rg8+ {[%clk
0:28:30]} 22. Kh1 {[%clk 1:03:06]} f5 {[%clk 0:27:09]} 23. Qf3 {[%clk 0:50:35]}
O-O-O {[%clk 0:25:48]} 24. Qf2 {[%clk 0:36:35]} Qxf2 {[%clk 0:25:35]} 25. Rxf2
{[%clk 0:35:04]} Bb7 {[%clk 0:24:39]} 26. h3 {[%clk 0:34:37]} Bxe4+ {[%clk
0:25:00]} 27. Kh2 {[%clk 0:34:59]} Bg7 {[%clk 0:23:59]} 28. Rd1 {[%clk 0:35:10]}
c5 {[%clk 0:24:08]} 29. Rfd2 {[%clk 0:35:25]} Bh6 {[%clk 0:20:20]} 30. Rf2 {[%clk
0:35:04]} Bb7 {[%clk 0:17:30]} 31. Nc4 {[%clk 0:34:32]} Bxf4+ {[%clk 0:17:25]}
32. Rxf4 {[%clk 0:34:57]} Rg2+ {[%clk 0:17:49]} 33. Kh1 {[%clk 0:35:13]} Rd2+
{[%clk 0:17:13]} 34. Kg1 {[%clk 0:35:38]} Rxd1+ {[%clk 0:17:05]} 35. Kf2 {[%clk
0:35:59]} cxd4 {[%clk 0:16:28]} 36. Bb4 {[%clk 0:36:25]} Ba6 {[%clk 0:16:09]} 37.
Ne5 {[%clk 0:36:29]} Rf1+ {[%clk 0:16:26]} 38. Kg3 {[%clk 0:36:52]} 0-1